| 000 | 00468nam a2200169Ia 4500 | ||
|---|---|---|---|
| 005 | 20250424120300.0 | ||
| 008 | 250424s9999 xx 000 0 und d | ||
| 022 | _a18054196 | ||
| 050 | _aQH 541.15 .L36/ | ||
| 245 | 0 | _aJournal of landscape ecology | |
| 260 | _aCzech Republic | ||
| 260 | _bCzech society for landscape ecology | ||
| 260 | _c2012 | ||
| 300 | _a77 p. :ill. ; 24 cm. | ||
| 650 | _aLandscape ecology--Periodicals. Landscape ecology. | ||
| 942 | _cSR | ||
| 999 |
_c38422 _d38422 |
||